000 01217nam a2200277 i 4500
001 162775
003 ES-MaACL
005 20251003181348.0
008 990701s1845 fr |||| |dita d
080 _a821.131.1-14"12/15"(082.2)
245 0 2 _aI quattro poeti italiani
_b: Dante, Petrarca, Ariosto y Tasso /
_cedizione fatta quella di A. Buttura.
260 _aParigi :
_bBaudry, Libreria Europea,
_c1845 (
_fDella stamperia di Crapelet)
300 _aII, 796 p. ;
_c19 cm.
505 8 _aContiene: La divina commedia / Dante - Le rime / Francesco Petrarca - L'Orlando furioso ; Satire ; Sonetti / Ludovico Ariosto - La Gerusalemme liberata ; l'Aminta / Torquato Tasso
597 _aTexto a dos col.
597 _aContraport. con grab.
650 7 _aPoesía italiana-
_yHasta S.XIV
_2
_9162150
650 7 _aPoesía italiana-
_yS.XVI
_2
_9162151
700 1 _aButtura, Antonio.
_932976
700 0 _aDante Alighieri,
_d1265-1321.
_tLa divina commedia
_9175737
700 1 _aPetrarca, Francesco.
_991528
700 1 _aAriosto, Lodovico,
_d1474-1533
_922846
700 1 _aTasso, Torquato (
_d1544-1595)
_9109373
852 _aES-MaACL
_jB-3159
_z- Enc. pasta española
999 _c162775
_d162775